| 000 | 02560nam0a2200505 4500 | ||
|---|---|---|---|
| 001 | RU\NLR\bibl\963315 | ||
| 005 | 20260407071128.0 | ||
| 010 |
_a5-89921-039-7 _91000 |
||
| 021 |
_aRU _b2006-26483 _91315 |
||
| 035 | _a(nilc)RSL-KNO-002883632 | ||
| 035 | _a(NLR Aleph) 000951331 | ||
| 090 |
_a281600 _c281600 |
||
| 100 | _a20060511d2006 |||y0rusy50 ca | ||
| 101 | 0 | _arus | |
| 102 | _aRU | ||
| 105 | _aa ||||||||| | ||
| 106 | _ar | ||
| 200 | 1 |
_aЛичная безопасность как экономическое благо: институциональный анализ и институциональное проектирование _f[А.А. Аузан, Е.А. Водопьянова, Д.Г. Галицкий и др. _gпод ред. В.Л. Тамбовцева] _gИн-т нац. проекта "Обществ. договор" |
|
| 210 |
_aМосква _cИИФ "Спрос" КонфОП _d2006 _eМ. _gИИФ Спрос КонфОП |
||
| 215 |
_a233 с. _cил. _d21 |
||
| 300 | _aАвт. указаны на обороте тит. | ||
| 320 | _aБиблиогр. в подстроч. примеч. | ||
| 606 | 1 |
_aЛичная безопасность _91145084 _3RU\NLR\auth\66137890 |
|
| 610 | 0 | _aСоциология -- Общество и природа | |
| 610 | 0 | _aСоциология -- Социальные подсистемы -- Личность и общество -- Социальная детерминация личности | |
| 610 | 0 | _aЭкономика -- Российская Федерация -- Благосостояние населения -- Личная безопасность | |
| 686 |
_aС555.0,0 _2rubbk |
||
| 686 |
_aС555.354,0 _2rubbk |
||
| 686 |
_aУ9(2)0-94-98,0 _2rubbk |
||
| 686 | _aС550.511 | ||
| 686 | _aУ9(2)-971(2Р) | ||
| 686 | _aХ620.32 | ||
| 686 | _aЦ69,6(2Р)0 | ||
| 701 | 1 |
_aАузан _bА. А. _f1954- _gАлександр Александрович _4070 |
|
| 701 | 1 |
_aВодопьянова _bЕ. А. _4070 |
|
| 701 | 1 |
_aГалицкий _bД. Г. _4070 |
|
| 702 | 1 |
_4340 _8rus _7ca _aТамбовцев _bВ. Л. _f1947- _gВиталий Леонидович _3RU\NLR\auth\772082 _9112099 |
|
| 712 | 0 | 2 |
_4570 _aИнститут национального проекта "Общественный договор" _cМосква _3RU\NLR\AUTH\8810034673 _9567642 |
| 801 | 0 |
_aRU _bРКП _c20060511 _grcr |
|
| 801 | 1 |
_aRU _bРГБ _c20060511 |
|
| 801 | 2 |
_aRU _bNLR _c20060629 _grcr |
|
| 830 | _a2 и 3-й авт. не раскр. | ||
| 942 | _cBOOK | ||
| 980 | _aNB | ||